000 00549nam a2200157 4500
001 148942
003 ES-MaACL
005 20230906202859.0
007 t|
008 070214s1962 sp r ||||1| spa d
110 2 _aEditorial Luis Vives.
_93445
245 1 3 _aEl superior perfecto
_b: virtudes y cualidades que ha de poseer según la doctrina del Venerable Siervo de Dios J. B. Marcelino Champagnat /
_cpor Edelvives.
260 _aZaragoza :
_bLuis Vives,
_c[1962]
300 _a338 p., 1 lám. ;
_c24 cm.
852 _aES-MaACL
_jC-22580
_bR.50480
999 _c148942
_d148942